000 00280nam a22001337a 4500
008 170213b xxu||||| |||| 00| 0 eng d
020 _a9781401870898
041 _aeng
080 _a61
100 _a4
101 _ashm
245 _aHUMAN DISEASES
_cNEIGHBORS
942 _2udc
_cBK
999 _c5262
_d5262